| 000 -LEADER |
| fixed length control field |
00742nam a22001577a 4500 |
| 003 - CONTROL NUMBER IDENTIFIER |
| control field |
OSt |
| 005 - DATE AND TIME OF LATEST TRANSACTION |
| control field |
20151003165429.0 |
| 008 - FIXED-LENGTH DATA ELEMENTS--GENERAL INFORMATION |
| fixed length control field |
151003b xxu||||| |||| 00| 0 eng d |
| 040 ## - CATALOGING SOURCE |
| Transcribing agency |
RUA |
| 082 ## - DEWEY DECIMAL CLASSIFICATION NUMBER |
| Classification number |
AVM UK 1998 B071 Or.1 |
| 100 ## - MAIN ENTRY--PERSONAL NAME |
| 9 (RLIN) |
1949 |
| Personal name |
UK, PEOV. |
| 245 ## - TITLE STATEMENT |
| Title |
Technical and economical aspects of household pig raising as cash income generation in siem reap province, ទិដ្ឋភាពបច្ចេកទេស និងសេដ្ឋកិច្ច លើការចិញ្ចឹមជ្រូកដែលជាប្រភពចំណូលប្រចាំគ្រួសារក្នុងខេត្តសៀមរាប |
| 260 ## - PUBLICATION, DISTRIBUTION, ETC. (IMPRINT) |
| Place of publication, distribution, etc. |
Phnom Penh |
| Name of publisher, distributor, etc. |
RUA |
| Date of publication, distribution, etc. |
1998 |
| 300 ## - PHYSICAL DESCRIPTION |
| Extent |
53p. |
| Other physical details |
ill. |
| Dimensions |
29cm. |
| 942 ## - ADDED ENTRY ELEMENTS (KOHA) |
| Source of classification or shelving scheme |
|
| Koha item type |
ATM.s |